[Event "TUR-chT Clubs"]
[Site "Konya"]
[Date "2019.07.21"]
[Round "9.9"]
[White "Metin, Enis"]
[Black "Senturk, Necaattin"]
[Result "1/2-1/2"]
[WhiteElo "1538"]
[BlackElo "1704"]
[PlyCount "75"]
[EventDate "2019.07.16"]
[EventType "team-swiss"]
[EventRounds "9"]
[EventCountry "TUR"]
[SourceTitle "CBM 191 Extra"]
[Source "ChessBase"]
[SourceDate "2019.09.30"]
[SourceVersion "1"]
[SourceVersionDate "2019.09.30"]
[SourceQuality "1"]
[WhiteTeam "Yalova Beyaz Fil"]
[BlackTeam "Kalite Dernegi"]
[WhiteTeamCountry "TUR"]
[BlackTeamCountry "TUR"]

1. e4 d5 2. exd5 Qxd5 3. Nc3 Qd8 4. Nf3 Bg4 5. h3 Bxf3 6. Qxf3 c6 7. Bc4 e6 8. 0-0 Nf6 9. d3 Nbd7 10. Bf4 Be7 11. Ne4 Nxe4 12. dxe4 0-0 13. Rad1 Qc8 14. e5 Nb6 15. Bd3 Rd8 16. c4 Rd7 17. Bb1 g6 18. Rxd7 Qxd7 19. Rd1 Qc7 20. b3 Rd8 21. Rxd8+ Qxd8 22. Qd3 Qxd3 23. Bxd3 Bc5 24. Kf1 Bd4 25. Ke2 Nd7 26. Be3 Bxe3 27. Kxe3 Nxe5 28. Be4 Kf8 29. Kd4 Nd7 30. c5 Ke7 31. f4 f5 32. Bf3 Nf6 33. a3 Nd5 34. Kc4 Nf6 35. b4 Nd7 36. Kd4 a6 37. a4 Nb8 38. Ke5 1/2-1/2

[Event "Ruse Cup 1st"]
[Site "Ruse"]
[Date "2017.05.01"]
[Round "7"]
[White "Senturk, Necaattin"]
[Black "Georgiev, Nikolay"]
[Result "1/2-1/2"]
[WhiteElo "1760"]
[BlackElo "1574"]
[PlyCount "86"]
[EventDate "2017.04.29"]
[EventType "swiss"]
[EventRounds "7"]
[EventCountry "BUL"]
[SourceTitle "EXT 2018"]
[Source "ChessBase"]
[SourceDate "2017.10.13"]
[SourceVersion "1"]
[SourceVersionDate "2017.10.13"]
[SourceQuality "1"]

1. e4 e5 2. Nf3 Nc6 3. d4 d5 4. dxe5 dxe4 5. Qxd8+ Kxd8 6. Ng5 Nxe5 7. Nxe4 Bf5 8. Nbd2 Be7 9. Be2 Nf6 10. Nxf6 Bxf6 11. c3 Nd3+ 12. Bxd3 Bxd3 13. Nf3 Re8+ 14. Be3 Kc8 15. 0-0-0 Bf5 16. Nd4 Bd7 17. Rhe1 b6 18. h3 Kb7 19. b3 Rad8 20. Kc2 c5 21. Ne2 Bf5+ 22. Kb2 Rxd1 23. Rxd1 Rd8 24. Rxd8 Bxd8 25. Kc1 Bf6 26. Kd2 Be5 27. Nf4 Be4 28. Nd3 Bd6 29. f3 Bc6 30. Bf4 Bxf4+ 31. Nxf4 g6 32. Nd3 Kc7 33. Ne5 Be8 34. Ke3 Kd6 35. Nd3 f6 36. c4 g5 37. g4 Bg6 38. Nf2 Bb1 39. Ne4+ Bxe4 40. Kxe4 Ke6 41. f4 h6 42. a3 a6 43. a4 a5 1/2-1/2